[Event "Druzynowe Mistrzostwa Polski Juniorow - I liga"]
[Site "Suchedniow"]
[Date "1899-12-30"]
[Round "7.5"]
[White "Kalinowska, Karolina"]
[Black "Kostecka, Marika"]
[Result "0-1"]
[WhiteTitle "I"]
[BlackTitle "I++"]
[WhiteElo "1544"]
[BlackElo "1693"]

1. e4 c5 2. Nf3 d6 3. d4 cxd4 4. Nxd4 Nf6 5. Nc3 a6 6. Be2 e5 7. Nb3 Be7 8. O-O
O-O 9. Kh1 b5 10. Bf3 Bb7 11. Qe2 Nbd7 12. Bd2 b4 13. Nd1 a5 14. c3 bxc3 15. Nxc3
Ba6 16. Nb5 a4 17. Na5 Qb6 18. Qd1 Bxb5 19. Be2 Nxe4 20. Bxb5 Qxb5 21. b4 axb3
22. Nxb3 Nxd2 23. Qxd2 d5 24. Rfd1 Nb6 25. Rab1 Qa6 26. Qe3 Nc4 27. Qe1 Rfd8 28.
f4 Qxa2 29. fxe5 Na3 30. Rd2 Qxb1 0-1

[Event "Druzynowe Mistrzostwa Polski Juniorow - I liga"]
[Site "Suchedniow"]
[Date "1899-12-30"]
[Round "7.7"]
[White "Mockun, Dawid"]
[Black "Winiarski, Mikolaj"]
[Result "0-1"]
[WhiteTitle "I"]
[BlackTitle "k"]
[WhiteElo "2061"]
[BlackElo "2209"]

1. d4 Nf6 2. Nf3 e6 3. e3 c5 4. Be2 b6 5. c4 Bb7 6. Nc3 d6 7. O-O Be7 8. b3 O-O
9. Bb2 Nbd7 10. Qc2 Rc8 11. Rac1 Qc7 12. Qb1 a6 13. Rfd1 Qb8 14. d5 e5 15. Bd3
g6 16. Nd2 Nh5 17. g4 Ng7 18. f4 f5 19. g5 Rce8 20. Ne2 Qd8 21. h4 Nh5 22. Kf2
Rf7 23. Nf1 Bf8 24. Nfg3 Nxg3 25. Nxg3 Bg7 26. Rh1 b5 27. h5 Qb6 28. Ba1 Bxd5
29. cxd5 c4 30. hxg6 hxg6 31. Be2 exf4 32. Nf1 Rxe3 33. Nxe3 Qxe3+ 34. Kf1 f3
35. Rh2 c3 36. Rd1 fxe2+ 37. Rxe2 Qf3+ 38. Ke1 Qh1+ 39. Kf2 Qh2+ 40. Kf1 Qh1+
41. Kf2 Bd4+ 42. Rxd4 Qxb1 43. Bxc3 Rh7 44. Ke3 Qc1+ 45. Bd2 Rh3+ 46. Kf2 Qh1
47. Bf4 Rf3# 0-1

[Event "Druzynowe Mistrzostwa Polski Juniorow - I liga"]
[Site "Suchedniow"]
[Date "1899-12-30"]
[Round "7.8"]
[White "Chylewski, Patryk"]
[Black "Buraczewski, Rafal"]
[Result "0-1"]
[WhiteTitle "k"]
[BlackTitle "I++"]
[WhiteElo "2162"]
[BlackElo "2020"]

1. d4 Nf6 2. c4 c5 3. Nf3 cxd4 4. Nxd4 Nc6 5. Nc3 g6 6. e4 d6 7. Be2 Bg7 8. Be3
O-O 9. O-O Nxd4 10. Bxd4 b6 11. f3 Bb7 12. Qd2 Nd7 13. Be3 Rc8 14. Rac1 Nc5 15.
b4 Ne6 16. Nd5 Qd7 17. f4 Nc7 18. Bf3 Bxd5 19. exd5 Na6 20. Be2 Nb8 21. Bd3 Qb7
22. a4 Nd7 23. Rfe1 Rfe8 24. Bf1 Nf6 25. Bf2 Rc7 26. Bd4 Qc8 27. Kh1 Qf5 28. Bd3
Qd7 29. a5 bxa5 30. bxa5 Qc8 31. Qb2 Qg4 32. c5 Qxf4 33. Bc4 Ng4 34. g3 Qxd4 35.
Qxd4 Bxd4 36. cxd6 Rc5 37. Bb5 Rxb5 38. d7 Rd8 39. Rc8 Rb2 40. Rxd8+ Kg7 41. Rg8+
Kh6 0-1

[Event "Druzynowe Mistrzostwa Polski Juniorow - I liga"]
[Site "Suchedniow"]
[Date "1899-12-30"]
[Round "7.9"]
[White "Rudzinska, Michalina"]
[Black "Sanz, Wawer Daniel"]
[Result "0-1"]
[WhiteTitle "I++"]
[BlackTitle "k"]
[WhiteElo "1823"]
[BlackElo "1964"]

1. e4 c5 2. Nf3 e6 3. d4 cxd4 4. Nxd4 Nc6 5. Nxc6 bxc6 6. Bd3 Nf6 7. O-O d5 8.
Qe2 Be7 9. Nd2 O-O 10. b3 a5 11. c4 Bb7 12. Bb2 a4 13. Kh1 a3 14. Bxf6 Bxf6 15.
e5 Be7 16. f4 g6 17. Nf3 Qa5 18. Rac1 Rad8 19. cxd5 cxd5 20. h3 Rc8 21. Kh2 Rc3
22. Rfd1 Rfc8 23. Rxc3 Rxc3 24. Rd2 Qb4 25. g3 d4 26. Ne1 Qa5 27. Ng2 Bb4 28.
Rc2 Qd5 29. Kg1 Bc5 30. Kh2 Kf8 31. Qd1 Rxc2 32. Qxc2 Ke7 33. Bf1 Kd8 34. h4 h5
35. Kh3 Ke7 36. Kh2 Kf8 37. Kh3 Kg7 38. Kh2 Qf3 39. Bd3 Bb4 40. Kh3 Be1 41. Nxe1
Qh1+ 42. Qh2 Qxe1 43. g4 Qd1 44. Be2 hxg4+ 45. Kxg4 Qc2 46. Kg3 Qxa2 47. h5 Qxb3+
48. Kg4 Qc2 49. Kg3 a2 50. Qh4 a1=Q 51. Qf6+ Kg8 52. Qd8+ Kh7 0-1

[Event "Druzynowe Mistrzostwa Polski Juniorow - I liga"]
[Site "Suchedniow"]
[Date "1899-12-30"]
[Round "7.10"]
[White "Kokoszczynski, Jan"]
[Black "Wierzbicki, Michal"]
[Result "1-0"]
[WhiteTitle "k"]
[BlackTitle "I"]
[WhiteElo "1927"]
[BlackElo "1712"]

1. e4 e6 2. d4 d5 3. Nd2 Nf6 4. e5 Nfd7 5. Bd3 c5 6. c3 Nc6 7. Ne2 cxd4 8. cxd4
f6 9. exf6 Nxf6 10. Nf3 Bd6 11. O-O O-O 12. Bf4 Bxf4 13. Nxf4 Ne4 14. Qc1 Ng5
15. Nxg5 Qxg5 16. Bxh7+ Kxh7 17. Nxe6 Qf5 18. Nxf8+ Qxf8 19. Qg5 Qf5 20. Qh4+
Kg6 21. Rac1 Qg4 22. Qxg4+ Bxg4 23. f3 Be6 24. Rfd1 Rf8 25. Kf2 Rh8 26. h3 Kf6
27. a3 Rh4 28. Ke3 Ke7 29. b4 Kd6 30. Rd2 Bd7 31. Kf2 Ne7 32. Re1 Nc6 33. Rc1
Ne7 34. Rh1 Bb5 35. g3 Rh8 36. h4 Nf5 37. h5 Ke6 38. g4 Nd6 39. Kg3 Kf6 40. Re1
Nf7 41. Rc2 Bc4 42. Rc3 Ng5 43. f4 Ne6 44. Rce3 Re8 45. f5 Nc7 46. Rxe8 Nxe8 47.
Rxe8 Bb5 48. Re5 Bc6 49. Kf4 1-0

[Event "Druzynowe Mistrzostwa Polski Juniorow - I liga"]
[Site "Suchedniow"]
[Date "1899-12-30"]
[Round "7.11"]
[White "Murawko, Julia"]
[Black "Olechnicka, Karolina"]
[Result "0-1"]
[WhiteTitle "I++"]
[BlackTitle "k++"]
[WhiteElo "1792"]
[BlackElo "1883"]

1. e4 c5 2. Nf3 d6 3. d4 cxd4 4. Qxd4 Nc6 5. Bb5 Bd7 6. Bxc6 Bxc6 7. Nc3 Nf6 8.
Bg5 e6 9. O-O-O Be7 10. Kb1 O-O 11. Rhe1 Qc7 12. Qd2 Rfd8 13. Nd4 Rac8 14. f3
a6 15. g4 b5 16. h4 b4 17. Nce2 Ba4 18. Nb3 a5 19. Bxf6 Bxf6 20. g5 Be7 21. f4
Bd7 22. h5 a4 23. Nbc1 a3 24. b3 e5 25. Nd3 exf4 26. Nxb4 Bxg5 27. Nd5 Qc5 28.
Rg1 h6 29. Nexf4 Re8 30. Qg2 Be6 31. Nd3 Qd4 32. Qf2 Qxe4 33. Nf6+ gxf6 34. Qxf6
Kh7 35. Qf1 Qf5 36. Qg2 Qd5 37. Qf1 Qd4 38. Re1 Qc3 39. Re2 Qf6 40. Rf2 Qg7 41.
Qg2 Qd4 42. Qf1 Rc7 0-1

[Event "Druzynowe Mistrzostwa Polski Juniorow - I liga"]
[Site "Suchedniow"]
[Date "1899-12-30"]
[Round "7.12"]
[White "Moscicka, Pola"]
[Black "Wolagiewicz, Kinga"]
[Result "1-0"]
[WhiteTitle "k"]
[BlackTitle "I"]
[WhiteElo "1769"]
[BlackElo "1579"]

1. e4 c6 2. d4 g6 3. Nc3 d5 4. h3 Bg7 5. Nf3 dxe4 6. Nxe4 Nd7 7. Bf4 Ngf6 8. Nxf6+
Nxf6 9. Bd3 Be6 10. c3 Bd5 11. O-O Bxf3 12. Qxf3 Nd5 13. Bg3 O-O 14. Rfe1 e6 15.
Rad1 Qb6 16. Qe2 Rfe8 17. Be4 Nf6 18. Bf3 Nd7 19. Qd2 Qd8 20. c4 Nb6 21. Qb4 Bf8
22. Qb3 Qd7 23. a4 c5 24. dxc5 Qxa4 25. Qxa4 Nxa4 26. Bxb7 Nxb2 27. Rb1 Nd3 28.
Bxa8 Nxe1 29. c6 Rxa8 30. Rb8 Rxb8 31. Bxb8 a5 32. c7 a4 33. c8=Q a3 34. Bd6 1-0

[Event "Druzynowe Mistrzostwa Polski Juniorow - I liga"]
[Site "Suchedniow"]
[Date "1899-12-30"]
[Round "7.13"]
[White "Bilczewski, Kacper"]
[Black "Krzeminski, Sebastian"]
[Result "1-0"]
[WhiteTitle "I"]
[BlackTitle "I"]
[WhiteElo "2092"]
[BlackElo "1818"]

1. e4 c6 2. d3 d5 3. Nd2 e5 4. Ngf3 Bg4 5. h3 Bxf3 6. Qxf3 Nf6 7. g3 Nbd7 8. Bg2
b5 9. O-O d4 10. Rd1 Bc5 11. Nf1 a5 12. g4 g6 13. Ng3 h5 14. g5 Nh7 15. h4 Qc7
16. Bd2 Nhf8 17. Ne2 Ne6 18. Bh3 Rf8 19. c3 O-O-O 20. a3 a4 21. Rdc1 Kb7 22. c4
Qd6 23. Rab1 f6 24. Qg3 fxg5 25. Bxe6 Qxe6 26. Bxg5 Rc8 27. Rc2 Qg4 28. Qxg4 hxg4
29. cxb5 cxb5 30. Kg2 Rf3 31. Rd1 Rcf8 32. Ng1 R3f7 33. Rdc1 Bb6 34. Kg3 Ka6 35.
Kxg4 Rxf2 36. Kg3 R2f7 37. Rc6 Kb7 38. Rxg6 Nc5 39. Rd1 Bd8 40. Bxd8 Rxd8 41.
Nf3 Re8 42. Rg5 Rfe7 43. Kg4 Kb6 44. h5 Ka5 45. h6 b4 46. Nxd4 bxa3 47. bxa3 Rd7
48. Nc6+ Ka6 49. Nxe5 Nxe4 50. Nxd7 Nf2+ 51. Kh5 Nxd1 52. h7 Re3 53. Kg6 1-0

[Event "Druzynowe Mistrzostwa Polski Juniorow - I liga"]
[Site "Suchedniow"]
[Date "1899-12-30"]
[Round "7.15"]
[White "Ochowicz, Jakub"]
[Black "Warchol, Bartosz"]
[Result "0-1"]
[WhiteTitle "I++"]
[BlackTitle "I"]
[WhiteElo "2069"]
[BlackElo "1702"]

1. e4 e5 2. Nf3 Nc6 3. Bb5 a6 4. Bxc6 dxc6 5. O-O f6 6. d4 exd4 7. Nxd4 c5 8. Ne2
Qxd1 9. Rxd1 Bd7 10. Nbc3 O-O-O 11. Bf4 Ne7 12. f3 g5 13. Be3 b6 14. f4 h6 15.
Kf2 Bg7 16. Ng3 gxf4 17. Bxf4 f5 18. Rab1 Bd4+ 19. Ke1 Ng6 20. Nce2 Nxf4 21. Nxf4
fxe4 22. Nfe2 Bc6 23. c3 Be5 24. b3 Rd3 25. c4 Rhd8 26. Nf5 h5 27. Nfg3 h4 28.
Nf5 Bxh2 29. Nxh4 Rg8 30. Nf5 Rxg2 31. Kf1 Rg5 32. Ne7+ Kb7 33. Nxc6 Rf3+ 34.
Ke1 Kxc6 35. Kd2 Rg2 36. Rb2 Bf4+ 37. Ke1 Bg3+ 38. Kd2 Rxe2+ 39. Kxe2 Rf2+ 40.
Ke3 Rxb2 41. Kd4 0-1

[Event "Druzynowe Mistrzostwa Polski Juniorow - I liga"]
[Site "Suchedniow"]
[Date "1899-12-30"]
[Round "7.17"]
[White "Stebel, Agata"]
[Black "Waszczuk, Patrycja"]
[Result "1/2-1/2"]
[WhiteTitle "k"]
[BlackTitle "k"]
[WhiteElo "1791"]
[BlackElo "1867"]

1. e4 e5 2. Nf3 Nc6 3. Bc4 Bc5 4. d3 Nf6 5. c3 d6 6. Nbd2 O-O 7. h3 a6 8. Bb3 h6
9. g4 d5 10. Qe2 dxe4 11. dxe4 Qe7 12. Nf1 b5 13. g5 hxg5 14. Bxg5 Be6 15. Ng3
Bxb3 16. Nf5 Qe6 17. axb3 Ne7 18. N3h4 Nh7 19. Rg1 Ng6 20. b4 Bb6 21. Be3 Bxe3
22. Qxe3 Qf6 23. Qg3 Nxh4 24. Nxh4 Rfd8 25. Nf5 g6 26. Ke2 Nf8 27. Ne3 Re8 28.
Nd5 Qc6 29. Rgd1 Nd7 30. Qg5 Kg7 31. Rd3 Nf6 32. f3 Nxd5 33. Rxd5 Qc4+ 34. Kf2
Qc6 35. Rad1 Qf6 36. Qxf6+ Kxf6 37. Rc5 Ra7 38. Rd7 Rc8 39. Rc6+ Kg7 40. Kg3 Kg8
41. Re7 Rd8 42. Rf6 Rf8 43. Rxe5 Kg7 44. Rc6 Rd8 45. Re7 Rd2 46. Rcxc7 Rxc7 47.
Rxc7 Rxb2 48. Ra7 Ra2 49. Kf4 Kf6 50. Rb7 Ra3 51. Rb6+ Ke7 52. Rc6 Kd7 53. Rc5
Ra1 54. Ke5 Rh1 55. Kf6 Rxh3 56. Kxf7 Rxf3+ 57. Kxg6 Ke6 58. Kg5 Kd6 59. Kg4 Rf1
60. Rf5 Rc1 61. Rd5+ Ke6 62. Rc5 Rf1 63. Kg3 Kd6 64. Kg2 Rf4 65. e5+ Ke6 66. Kg3
Re4 67. Kf3 Rxe5 68. Rc6+ Kd5 69. Rxa6 Kc4 70. Rc6+ Kd3 71. Ke4+ 1/2-1/2

[Event "Druzynowe Mistrzostwa Polski Juniorow - I liga"]
[Site "Suchedniow"]
[Date "1899-12-30"]
[Round "7.18"]
[White "Mysliwiec, Natalia"]
[Black "Bilczewska, Olga"]
[Result "0-1"]
[WhiteTitle "I"]
[BlackTitle "I"]
[WhiteElo "1311"]
[BlackElo "1520"]

1. e4 c5 2. Nf3 Nc6 3. d4 cxd4 4. Nxd4 Nf6 5. Nc3 e5 6. Ndb5 d6 7. Bg5 a6 8. Na3
b5 9. Nd5 Be7 10. Bxf6 Bxf6 11. c3 Ne7 12. Nxf6+ gxf6 13. Bd3 Bb7 14. f3 Qb6 15.
Nc2 O-O-O 16. Qe2 d5 17. O-O-O Kb8 18. Kb1 Ng6 19. g3 Rhe8 20. Rhe1 Re7 21. exd5
Bxd5 22. Ne3 Bc6 23. Nf5 Red7 24. Rd2 Qb7 25. Rf1 e4 26. fxe4 Rxd3 27. Rxd3 Bxe4
28. Rfd1 Bxf5 29. Kc1 Rxd3 30. Rxd3 Bxd3 31. Qxd3 Qh1+ 32. Kc2 Qxh2+ 33. Kb3 Kc7
34. Qe3 Qg2 35. Qa7+ Qb7 36. Qc5+ Kd7 37. Qd4+ Ke6 38. Qg4+ f5 39. Qe2+ Qe4 40.
Qf2 Ne5 41. Qb6+ Qc6 42. Qe3 Qc4+ 43. Kc2 Qe4+ 44. Qxe4 fxe4 45. b3 Kf5 46. Kd2
Kg4 47. Ke3 f5 48. Kd4 Kxg3 49. Kxe5 e3 50. Kxf5 e2 51. Kg5 e1=Q 52. Kh6 Qe4 53.
Kg7 Qg6+ 54. Kf8 Kf4 55. Ke7 Ke5 56. Kd7 Qd6+ 57. Ke8 Ke6 58. c4 Qe7# 0-1

[Event "Druzynowe Mistrzostwa Polski Juniorow - I liga"]
[Site "Suchedniow"]
[Date "1899-12-30"]
[Round "7.19"]
[White "Niekras, Dawid"]
[Black "Kindler, Przemyslaw"]
[Result "1-0"]
[WhiteTitle "k"]
[BlackTitle "k"]
[WhiteElo "2255"]
[BlackElo "2099"]

1. e4 d6 2. d4 Nf6 3. Nc3 g6 4. f4 Bg7 5. Nf3 O-O 6. Bd3 c6 7. O-O Re8 8. a3 e5
9. dxe5 dxe5 10. Nxe5 Rxe5 11. fxe5 Ng4 12. Bc4 Qb6+ 13. Kh1 Nxe5 14. Bb3 Nbd7
15. Bf4 Kh8 16. Qd6 Ng4 17. Bg3 Ndf6 18. h3 Ne8 19. Qe7 Ngf6 20. e5 Bf5 21. exf6
Nxf6 22. Rae1 Rf8 23. Be5 Re8 24. Qxf6 1-0

[Event "Druzynowe Mistrzostwa Polski Juniorow - I liga"]
[Site "Suchedniow"]
[Date "1899-12-30"]
[Round "7.20"]
[White "Paziak, Patryk"]
[Black "Planeta, Wojciech"]
[Result "1/2-1/2"]
[WhiteTitle "I"]
[BlackTitle "I+"]
[WhiteElo "1745"]
[BlackElo "1726"]

1. c4 f5 2. Nc3 Nf6 3. g3 g6 4. Bg2 Bg7 5. Nf3 d6 6. O-O O-O 7. Rb1 e5 8. d3 c6
9. b4 e4 10. Ne1 d5 11. cxd5 cxd5 12. dxe4 dxe4 13. Qb3+ Kh8 14. Be3 b6 15. Nc2
Ng4 16. Rfd1 Qe8 17. Bd4 Bb7 18. Bxg7+ Kxg7 19. Nd4 Rf6 20. Nd5 Bxd5 21. Qxd5
Nd7 22. Nxf5+ gxf5 23. Qxd7+ Rf7 24. Qd4+ Nf6 25. Qe3 Kg6 26. h4 h6 27. Rd6 Rd8
28. Rxd8 Qxd8 29. Bh3 Qd6 30. a3 Rd7 31. Rf1 Qd2 32. Qb3 Qxe2 33. Qe6 Qf3 34.
a4 Rd3 35. Bg2 Qe2 36. Bh3 Qf3 37. Qe5 Rd5 38. Qe7 Rd2 39. Bg2 Qd3 40. h5+ Nxh5
41. Qe8+ Kg5 42. Qe7+ Kg6 43. g4 Nf6 44. gxf5+ Kxf5 45. Qxa7 Qd6 46. Bh3+ Kg6
47. a5 bxa5 48. bxa5 Qf4 49. Qe3 Qxe3 50. fxe3 Ra2 51. Rf5 h5 52. Re5 Ng4 53.
Rxe4 Kf5 54. Rf4+ Kg5 55. Bxg4 hxg4 56. Rf2 1/2-1/2

[Event "Druzynowe Mistrzostwa Polski Juniorow - I liga"]
[Site "Suchedniow"]
[Date "1899-12-30"]
[Round "7.21"]
[White "Zabrzanska, Weronika"]
[Black "Godzwon, Iwo"]
[Result "0-1"]
[WhiteTitle "I"]
[BlackTitle "I+"]
[WhiteElo "1479"]
[BlackElo "2059"]

1. e4 c5 2. Nf3 Nc6 3. c3 d5 4. exd5 Qxd5 5. d4 Bg4 6. Be2 cxd4 7. cxd4 e6 8. Nc3
Qa5 9. Bd2 Nf6 10. O-O Be7 11. h3 Bh5 12. Rc1 O-O 13. Be3 Rac8 14. Qb3 Qb4 15.
Qxb4 Bxb4 16. a3 Ba5 17. Nb5 Rfd8 18. g4 Bg6 19. Ne5 Bb6 20. Nxc6 bxc6 21. g5
Ne4 22. Nc3 Bxd4 23. Bxd4 Rxd4 24. Nxe4 Bxe4 25. Ba6 Rb8 26. b4 Kf8 27. Rcd1 Rbd8
28. Rc1 R8d5 0-1

[Event "Druzynowe Mistrzostwa Polski Juniorow - I liga"]
[Site "Suchedniow"]
[Date "1899-12-30"]
[Round "7.22"]
[White "Banach, Jakub"]
[Black "Wikar, Martyna"]
[Result "0-1"]
[WhiteTitle "II+"]
[BlackTitle "I++"]
[WhiteElo "1573"]
[BlackElo "1759"]

1. e4 c5 2. Nc3 Nc6 3. f4 g6 4. Nf3 Bg7 5. Bc4 e6 6. d3 Nge7 7. f5 d5 8. Bb5 dxe4
9. Nxe4 exf5 10. Nc3 O-O 11. O-O Nd4 12. Nxd4 Bxd4+ 13. Kh1 Be6 14. Bh6 Bg7 15.
Bxg7 Kxg7 16. Qe2 Qd6 17. Rae1 Nd5 18. Nxd5 Bxd5 19. c4 Be6 20. a3 Rfd8 21. Rd1
Qd4 22. Qc2 Rd6 23. b4 b6 24. h3 Rad8 25. Qa4 Qc3 26. Rc1 Qxd3 27. Qxa7 Qe3 28.
Rce1 Qd4 29. Rc1 f4 30. Qc7 Rc8 31. Qb7 Rcd8 32. Qc7 Bf5 33. Rfe1 f3 34. gxf3
Qh4 35. Qe7 Qxh3+ 36. Kg1 Qg3+ 37. Kh1 Qxf3+ 38. Kg1 Rd2 39. Qe5+ Kg8 40. Bc6
Rg2+ 41. Kh1 Qh3+ 42. Qh2 Qxh2# 0-1

[Event "Druzynowe Mistrzostwa Polski Juniorow - I liga"]
[Site "Suchedniow"]
[Date "1899-12-30"]
[Round "7.23"]
[White "Leczek, Weronika"]
[Black "Kindler, Karolina"]
[Result "1-0"]
[WhiteTitle "I++"]
[BlackTitle "I+"]
[WhiteElo "1668"]
[BlackElo "1714"]

1. e4 c5 2. Nf3 e6 3. d4 cxd4 4. Nxd4 Nf6 5. Nc3 d6 6. g4 h6 7. h4 Nc6 8. Be3 d5
9. Bb5 Bd7 10. exd5 Nxd4 11. Qxd4 Bxb5 12. Nxb5 Qa5+ 13. Nc3 Nxd5 14. O-O-O Nb6
15. Qd3 Bc5 16. Bxc5 Qxc5 17. Ne4 Qc6 18. Nd6+ Kf8 19. Rh3 Nd5 20. Qa3 Kg8 21.
Rf3 f6 22. g5 b5 23. gxf6 b4 24. Qd3 Qxd6 25. Qg6 Rh7 26. f7+ Kh8 27. Rxd5 Qe7
28. Re5 Rf8 29. Rxe6 Qc5 30. h5 b3 31. axb3 Qa5 32. Kb1 Qb5 33. c4 Qb4 34. Re8
a5 35. Rxf8+ Qxf8 36. Qd6 Qxd6 37. f8=Q+ Qxf8 38. Rxf8# 1-0

[Event "Druzynowe Mistrzostwa Polski Juniorow - I liga"]
[Site "Suchedniow"]
[Date "1899-12-30"]
[Round "7.24"]
[White "Jarocka, Liwia"]
[Black "Slusarczyk, Milena"]
[Result "1-0"]
[WhiteTitle "I++"]
[BlackTitle "I"]
[WhiteElo "1797"]
[BlackElo "1444"]

1. e4 c5 2. Nf3 d6 3. d4 cxd4 4. Nxd4 Nf6 5. Nc3 a6 6. f3 e5 7. Nb3 Be7 8. Be3
Be6 9. Qd2 O-O 10. O-O-O a5 11. a4 Nc6 12. g4 Nb4 13. g5 Ne8 14. Kb1 Nc7 15. Bb6
Nc6 16. Nb5 Rc8 17. Bxc7 Rxc7 18. Nxc7 Qxc7 19. Nc1 Rc8 20. Ne2 Nb4 21. Nc3 Qd8
22. h4 Rc5 23. Bh3 d5 24. Bxe6 fxe6 25. exd5 exd5 26. Qh2 Qd6 27. Ne4 b6 1-0

[Event "Druzynowe Mistrzostwa Polski Juniorow - I liga"]
[Site "Suchedniow"]
[Date "1899-12-30"]
[Round "7.25"]
[White "Januszkiewicz, Wojciech"]
[Black "Szpar, Milosz"]
[Result "1/2-1/2"]
[WhiteTitle "I++"]
[BlackTitle "I++"]
[WhiteElo "1965"]
[BlackElo "2101"]

1. e4 d5 2. exd5 Qxd5 3. Nc3 Qa5 4. d4 Nf6 5. Nf3 Bf5 6. Bd3 Bxd3 7. Qxd3 e6 8.
Bd2 Nbd7 9. O-O-O Be7 10. Kb1 c6 11. Ne4 Qc7 12. Nxf6+ Nxf6 13. Ne5 Bd6 14. Qe2
b5 15. c4 bxc4 16. Rc1 O-O 17. Rxc4 c5 18. Ng4 Nxg4 19. Qxg4 f5 20. Qe2 Qe7 21.
dxc5 Bxc5 22. Rhc1 Bd6 23. Be3 Rad8 24. Bc5 Rfe8 25. Bxd6 Qxd6 26. Rc7 Rd7 27.
Rxd7 Qxd7 28. Rd1 Qc6 29. f4 h6 30. g3 Rc8 1/2-1/2

[Event "Druzynowe Mistrzostwa Polski Juniorow - I liga"]
[Site "Suchedniow"]
[Date "1899-12-30"]
[Round "7.26"]
[White "Kozak, Antoni"]
[Black "Grzesik, Gracjan"]
[Result "1-0"]
[WhiteTitle "I+"]
[BlackTitle "I"]
[WhiteElo "2047"]
[BlackElo "1840"]

1. e4 c5 2. Nf3 d6 3. Bb5+ Bd7 4. Bxd7+ Nxd7 5. O-O Ngf6 6. Qe2 e6 7. b3 Be7 8.
Bb2 O-O 9. c4 a6 10. d4 cxd4 11. Nxd4 Qb6 12. Rd1 Rac8 13. Nc3 Rfd8 14. Rd2 Nf8
15. Rad1 Ng6 16. g3 h5 17. Kg2 Nf8 18. f4 N8d7 19. h3 Qa5 20. Ba1 g6 21. Nf3 Nc5
22. e5 dxe5 23. fxe5 Ne8 24. Qe3 Ng7 25. g4 Rxd2+ 26. Rxd2 Rd8 27. Nd4 Nd7 28.
Re2 Qxe5 29. Qf2 Qf6 30. Nf3 Bb4 31. Qe3 Rc8 32. Bb2 Qd8 33. Rd2 Rc7 34. Qh6 Be7
35. Nd5 f6 36. Nxc7 Qxc7 37. Qxg6 Nf8 38. Qe4 hxg4 39. hxg4 e5 40. g5 Nge6 41.
gxf6 Nf4+ 42. Kh1 Bxf6 43. Bxe5 Bxe5 44. Nxe5 Qh7+ 45. Qxh7+ Kxh7 46. Nd7 N8e6
47. b4 Kh6 48. Nc5 Ng5 49. Nxb7 Kh5 50. c5 Kg4 51. Rd4 Kf3 52. c6 Nfe6 53. Nc5
Nxd4 54. c7 Ne2 55. c8=Q Ng3+ 56. Kg1 Nh3+ 57. Qxh3 1-0

[Event "Druzynowe Mistrzostwa Polski Juniorow - I liga"]
[Site "Suchedniow"]
[Date "1899-12-30"]
[Round "7.27"]
[White "Luczak, Filip"]
[Black "Mis, Mieszko"]
[Result "0-1"]
[WhiteTitle "I"]
[BlackTitle "I++"]
[WhiteElo "1730"]
[BlackElo "2041"]

1. e4 c5 2. Nf3 Nc6 3. d4 cxd4 4. Nxd4 Nf6 5. Nc3 d6 6. Bc4 Qb6 7. Nxc6 bxc6 8.
Bb3 g6 9. Be3 Qa5 10. O-O Bg7 11. h3 O-O 12. Qd2 Ba6 13. Rfe1 Rfd8 14. f4 c5 15.
e5 dxe5 16. Qf2 c4 17. fxe5 Nd5 18. Nxd5 Rxd5 19. c3 Rxe5 20. Bc2 Bb7 21. Bd4
Rxe1+ 22. Rxe1 e5 23. Bc5 Qc7 24. b4 a5 25. Bb6 Qe7 26. Bxa5 f5 27. a4 e4 28.
Qd2 Qf6 29. Rd1 Qxc3 30. Qxc3 Bxc3 31. Rd7 e3 32. Bd1 Be4 33. Be2 Rc8 34. Bb6
Bxb4 35. Bxe3 c3 36. Bc1 c2 37. Kf1 Bf8 38. Bd3 Bxd3+ 39. Rxd3 Rb8 40. Ke2 Rb1
41. Kd2 Bh6+ 42. Kxc2 Rxc1+ 43. Kb3 Rb1+ 44. Kc4 Bf8 45. a5 Rb4+ 46. Kc3 Rb5 47.
a6 Ra5 48. Kd4 Rxa6 49. Ke3 Ra3 50. Rxa3 Bxa3 51. Kd4 0-1

[Event "Druzynowe Mistrzostwa Polski Juniorow - I liga"]
[Site "Suchedniow"]
[Date "1899-12-30"]
[Round "7.28"]
[White "Kucharski, Bartlomiej"]
[Black "Wolaniecki, Patryk"]
[Result "1-0"]
[WhiteTitle "II+"]
[BlackTitle "I"]
[WhiteElo "1742"]
[BlackElo "1659"]

1. e4 c5 2. Nf3 Nc6 3. Bb5 e6 4. O-O Nge7 5. Re1 a6 6. Bf1 d5 7. d3 dxe4 8. dxe4
Qxd1 9. Rxd1 Bd7 10. Be3 Ng6 11. c3 f5 12. g3 Nce5 13. Nxe5 Nxe5 14. Nd2 Ng4 15.
Nc4 Nxe3 16. Nxe3 O-O-O 17. Bg2 b5 18. a4 bxa4 19. exf5 exf5 20. Nd5 Bb5 21. c4
Be8 22. b3 Bd6 23. bxa4 Bc6 24. Rab1 Kd7 25. a5 Ke6 26. Rb6 Ba8 27. Nc7+ Ke7 28.
Nxa8 Be5 29. Re1 1-0

[Event "Druzynowe Mistrzostwa Polski Juniorow - I liga"]
[Site "Suchedniow"]
[Date "1899-12-30"]
[Round "7.29"]
[White "Trembowiecka-wysota, Aleksandra"]
[Black "Swiech, Joanna"]
[Result "0-1"]
[WhiteTitle "I"]
[BlackTitle "k"]
[WhiteElo "1493"]
[BlackElo "1888"]

1. e4 d5 2. exd5 Qxd5 3. Nc3 Qa5 4. d4 Nf6 5. Nf3 Bf5 6. Bd3 Bxd3 7. Qxd3 c6 8.
O-O e6 9. Bd2 Nbd7 10. a3 Qc7 11. b4 Be7 12. Rfe1 O-O 13. Ne5 Rfd8 14. Qg3 Nxe5
15. dxe5 Rxd2 16. Qe3 Rxc2 17. Qd3 Rxc3 18. Qxc3 Nd5 19. Qg3 a5 20. bxa5 Qxa5
21. Re4 Qc3 22. Qxc3 Nxc3 23. Re3 Nd5 24. Rb3 b6 25. a4 g6 26. Kf1 Bb4 27. Rc1
c5 28. Rc4 Rxa4 29. Rh4 Ra3 30. Rxa3 Bxa3 31. Ra4 Bb2 32. f4 Bd4 33. g3 b5 34.
Ra8+ Kg7 35. Rb8 b4 36. Ke2 c4 37. Kd2 b3 38. Kc1 b2+ 39. Kc2 c3 40. Kd3 Bb6 41.
Kc2 Ne3+ 42. Kb1 Nc4 43. Kc2 Na3+ 44. Kxc3 b1=Q 45. Re8 Ba5+ 46. Kd4 Qb4+ 47.
Ke3 Qd2+ 48. Ke4 Bb6 49. Kf3 h5 50. g4 Qf2+ 51. Ke4 Qe3# 52. Kd4 0-1

[Event "Druzynowe Mistrzostwa Polski Juniorow - I liga"]
[Site "Suchedniow"]
[Date "1899-12-30"]
[Round "7.30"]
[White "Gaj, Magdalena"]
[Black "Bienko, Jagoda"]
[Result "1/2-1/2"]
[WhiteTitle "I"]
[BlackTitle "I"]
[WhiteElo "1272"]
[BlackElo "1384"]

1. e4 c5 2. Nf3 d6 3. d4 cxd4 4. Qxd4 Nc6 5. Bb5 Qc7 6. Nc3 Bd7 7. Bxc6 Bxc6 8.
Be3 e6 9. O-O-O Nf6 10. Qd3 a6 11. Nd4 Be7 12. f3 O-O-O 13. Nxc6 Qxc6 14. Nb1
Kb8 15. Nc3 Nd7 16. Qe2 Bf6 17. Bd4 Bxd4 18. Rxd4 Nf6 19. Rhd1 e5 20. R4d3 Rd7
21. Qd2 Rhd8 22. Qg5 Rg8 23. Nd5 Nxd5 24. Rxd5 Rc8 25. c3 g6 26. f4 Rcd8 27. fxe5
dxe5 28. Qxe5+ Kc8 29. Rxd7 Rxd7 30. Qe8+ Kc7 31. Rxd7+ Qxd7 32. Qxd7+ Kxd7 33.
Kd2 Kd6 34. Ke3 Ke5 35. Kf3 h5 36. h4 f5 37. exf5 Kxf5 38. g3 Ke5 39. b3 b5 40.
a3 a5 41. b4 axb4 42. axb4 Kd5 43. Ke3 Ke5 44. Ke4+ 1/2-1/2

[Event "Druzynowe Mistrzostwa Polski Juniorow - I liga"]
[Site "Suchedniow"]
[Date "1899-12-30"]
[Round "8.1"]
[White "Pilzak, Marcin"]
[Black "Szpar, Milosz"]
[Result "0-1"]
[WhiteTitle "k"]
[BlackTitle "I++"]
[WhiteElo "2010"]
[BlackElo "2101"]

1. e4 c5 2. Nf3 Nc6 3. Bb5 g6 4. O-O Bg7 5. Re1 e5 6. b3 Nge7 7. Bb2 O-O 8. Nc3
d6 9. a4 Nd4 10. Nxd4 exd4 11. Nd5 Nxd5 12. exd5 Qg5 13. Bc4 Bg4 14. f3 Bh3 15.
Bf1 Bd7 16. c4 Be5 17. d3 Rae8 18. Re2 Qf4 19. g3 Qxf3 20. Rf2 Qxd1 21. Rxd1 Bg7
22. Bc1 Bg4 23. Rdd2 Bh6 24. Rc2 Be3 25. Bxe3 dxe3 26. Rfe2 Bxe2 27. Rxe2 f5 28.
Bh3 g5 29. Bg2 Kg7 30. g4 f4 31. Bf3 Kf6 32. Kg2 Ke5 33. Be4 Kd4 34. Kf3 h5 35.
h3 hxg4+ 36. hxg4 Rh8 37. Rg2 Rh3+ 38. Ke2 Rxe4 0-1

[Event "Druzynowe Mistrzostwa Polski Juniorow - I liga"]
[Site "Suchedniow"]
[Date "1899-12-30"]
[Round "8.2"]
[White "Kozak, Antoni"]
[Black "Dembinski, Bartosz"]
[Result "1-0"]
[WhiteTitle "I+"]
[BlackTitle "II"]
[WhiteElo "2047"]
[BlackElo "1456"]

1. e4 e5 2. Nf3 Nc6 3. Bc4 Nf6 4. d3 Bc5 5. O-O d6 6. c3 Be6 7. Bb5 a6 8. Ba4 Ba7
9. h3 O-O 10. Re1 b5 11. Bc2 Ne7 12. d4 Ng6 13. a4 h6 14. Be3 c6 15. axb5 axb5
16. Rxa7 Rxa7 17. dxe5 Rd7 18. exf6 Qxf6 19. Nd4 Ne7 20. f4 Qh4 21. f5 Ba2 22.
Nd2 Ra8 23. Nf1 c5 24. Nf3 Qf6 25. e5 dxe5 26. Qxd7 Bd5 27. Bxc5 Bxf3 28. Qxe7
Qc6 29. gxf3 Qxf3 30. Be4 Qxh3 31. Bxa8 Qg4+ 32. Bg2 Qxf5 33. Qe8+ 1-0